000 005520000a22001810004500
003 MACL
005 20160504121011.0
008 160504b xxu||||| |||| 00| 0 eng d
040 _aMACL
_cMACL
041 _aHindi
082 _a800
100 _aयामिनी
_955095
245 _aउन्‍मुक्‍त-प्रवाह
_cयामिनी
260 _aनई दिल्‍ली
_bदृष्टि प्रकाशन
_c2011
350 _a200
650 _aसंस्‍मरण
_954854
942 _cHIN
_k800 YAM
_2ddc
999 _c46667
_d46667